Rastrovaja elektronnaja mikroskopija i rentgenovskij mikroanaliz 1 /

Salvato in:
Dettagli Bibliografici
Natura: Libro
Lingua:russo
Pubblicazione: Moskva : Mir, 1984
Soggetti:
Tags: Aggiungi Tag
Nessun Tag, puoi essere il primo ad aggiungerne!!

MARC

LEADER 00000nam a22000003a 4500
001 stu41276
005 20141122045527.9
008 931118s1984----xxr-----------------rus-d
040 |a STU  |b slo 
041 0 |a rus 
044 |a xxr 
245 |a Rastrovaja elektronnaja mikroskopija i rentgenovskij mikroanaliz 1 /  |c Z angl. kol 
260 |a Moskva :  |b Mir,  |c 1984 
300 |a 301 s 
650 7 |a mikroanalýza röntgenová  |2 stusub 
650 7 |a mikroskopia elektrónová  |2 stusub 
996 |b 284M062400  |c M*6941/1-1  |l MMKN  |s A  |a 24  |w stu41276_0001 
996 |b M 21841  |c M*6941/1-2  |l MMKN  |s A  |a 24  |w stu41276_0002 
996 |b M 28017  |c M*6941/1-3  |l MMKN  |s A  |a 24  |w stu41276_0003